000
00301nam a22001337a 4500
008
170821b xxu||||| |||| 00| 0 eng d
020
_a
9780534953089
041
_a
eng
080
_2
9TH
_a
51
100
_a
37
101
_a
MAT
245
_a
ALGEBRA AND TRIGONOMETRY
_c
SWOKOWSKI,S.W
942
_2
udc
_c
BK
999
_c
24413
_d
24413